000 00757nam a22002177a 4500
005 20240530110615.0
008 161128s2014 ua g 000 1dara d
017 _a2014/17967
_bمصر. دار الكتب
020 _a9789774279263
040 _aEG-CaGPL
_cEG-CaGPL
082 0 4 _221
_a813.009\
_bأ ر
100 0 _aامانى فؤاد
245 1 2 _aالرواية و تحرير المجتمع /
_cامانى فؤاد
250 _aط.1.
260 _aالقاهرة :
_bالدار المصرية اللبنانية ،
_c2014 .
300 _a390 ص. ؛
_c19 سم .
650 0 7 _2qrmak
_aالقصص العربية
_xتاريخ ونقد
650 0 7 _2qrmak
_aالادب العربى
942 _2ddc
_cBK
999 _c62941
_d62941